00642nam a2200229 a 4500001001300000003000900013005001700022008004100039020002300080082001400103100002000117245003000137260003400167300000900201500003500210650002000245700002000265902000800285942000700293952009500300999001700395nice12345678IN_TiNIC20260116014403.0121106s2011 lona grp 000 0 eng  a9780099555322c25000a823bRUS1 aRushdie, Salman aLuka and the Fire of Life aLondon bVintage Books c2011 a216p aincludes index and biblioraphy aEnglish-Fiction1 aRushdie, Salman bSRC cBK 00114070aHMIbHMId2012-12-17g250.00l0o823 RUS1p023952r2012-12-17w2026-01-16yBK c15072d15072